000 00461nam a2200157Ia 4500
008 220216s9999 xx 000 0 und d
100 _aDemircan N
245 2 _aA New approach for predicting oxygen content in butadiene storage tank of synthetic rubber plant
260 _bKautschuk Gummi Kunststoffe
_c2011
300 _a52-55
650 _aButadiene
650 _aMathematical modeling
650 _aOxygen content
700 _aDemirhan E
942 _cJS
999 _c53412
_d53412